Catálogo - Centro de Recursos para el Aprendizaje y la Investigación

Volver al Sitio - CRAI Biblioteca

Afrodescendencias / (Registro nro. 114380)

Detalles MARC
000 -CABECERA
campo de control de longitud fija 00894nam a2200277 4500
001 - NÚMERO DE CONTROL
campo de control 114380
003 - IDENTIFICADOR DEL NÚMERO DE CONTROL
campo de control DR-UNIBE
005 - FECHA Y HORA DE LA ÚLTIMA TRANSACCIÓN
campo de control 20260218113731.0
008 - DATOS DE LONGITUD FIJA--INFORMACIÓN GENERAL
campo de control de longitud fija 260209b2017 sp ||||| |||| 00| 0 spa d
020 ## - NÚMERO INTERNACIONAL ESTÁNDAR DEL LIBRO
Número Internacional Estándar del Libro 9789962705208
040 ## - FUENTE DE LA CATALOGACIÓN
Centro catalogador/agencia de origen BIBLIOTECA UNIBE
Centro/agencia transcriptor BIBLIOTECA UNIBE
Normas de descripción rda
Lengua de catalogación spa
041 ## - CÓDIGO DE LENGUA
Código de lengua del texto/banda sonora o título independiente spa
082 ## - NÚMERO DE LA CLASIFICACIÓN DECIMAL DEWEY
Número de clasificación 305.896 Q7a
100 ## - ENTRADA PRINCIPAL--NOMBRE DE PERSONA
Nombre de persona Quiñones, Serafín
Término indicativo de función/relación autor
Fechas asociadas al nombre 1942-
9 (RLIN) 202182
245 10 - MENCIÓN DE TÍTULO
Título Afrodescendencias /
Mención de responsabilidad, etc. Serafín (Tato) Quiñones
260 ## - PUBLICACIÓN, DISTRIBUCIÓN, ETC.
Lugar de publicación, distribución, etc. Ciudad de Panamá :
Nombre del editor, distribuidor, etc. Ediciones Aurelia,
Fecha de publicación, distribución, etc. 2017
300 ## - DESCRIPCIÓN FÍSICA
Extensión 169 páginas
490 ## - MENCIÓN DE SERIE
Mención de serie Colección iroko
650 #7 - PUNTO DE ACCESO ADICIONAL DE MATERIA--TÉRMINO DE MATERIA
Fuente del encabezamiento o término lemb
Término de materia o nombre geográfico como elemento de entrada Racismo
Subdivisión geográfica Cuba
9 (RLIN) 202519
650 #7 - PUNTO DE ACCESO ADICIONAL DE MATERIA--TÉRMINO DE MATERIA
Fuente del encabezamiento o término lemb
Término de materia o nombre geográfico como elemento de entrada Negros
Subdivisión geográfica Cuba
Subdivisión general Condiciones sociales
9 (RLIN) 202520
651 #7 - PUNTO DE ACCESO ADICIONAL DE MATERIA--NOMBRE GEOGRÁFICO
Fuente del encabezamiento o término lemb
Nombre geográfico Cuba
Subdivisión general Civilización
9 (RLIN) 202518
653 00 - TÉRMINO DE INDIZACIÓN--NO CONTROLADO
Término no controlado Cultura afrocubana
700 ## - PUNTO DE ACCESO ADICIONAL--NOMBRE DE PERSONA
Nombre de persona Acevedo, Claudia
Término indicativo de función/relación editor
9 (RLIN) 202474
700 ## - PUNTO DE ACCESO ADICIONAL--NOMBRE DE PERSONA
Nombre de persona Ávalos Díaz, Rolando
Término indicativo de función/relación corrector
9 (RLIN) 202475
942 ## - ELEMENTOS DE PUNTO DE ACCESO ADICIONAL (KOHA)
Fuente del sistema de clasificación o colocación Sistema de Clasificación Decimal Dewey
Tipo de ítem Koha Libro (general)
Existencias
Estado de retiro Estado de pérdida Fuente del sistema de clasificación o colocación No para préstamo Código de colección Localización permanente Fecha de adquisición Total de préstamos Signatura topográfica completa Código de barras Fecha visto por última vez Número de copia Precio válido a partir de Tipo de ítem Koha
  Disponible Sistema de Clasificación Decimal Dewey   General Biblioteca Central UNIBE 01/12/2025   305.896 Q7a 260105 18/02/2026 Ej. 1 18/02/2026 Libro (general)